Capitals AND Countries That Start With R - Statistics

General Stats
  • This quiz has been taken 8,477 times
  • The average score is 8 of 10
Answer Stats
Answer % Correct
Country Rwanda
95%
Country Romania
93%
Country Russia
91%
Capital Riga
81%
Capital Rome
81%
Capital Rabat
78%
Capital Riyadh
77%
Capital Reykjavik
75%
Capital Roseau
67%
Country Republic of the Congo
64%
No matching quizzes found
Score Distribution
Percent of People with Each Score
Percentile by Number Answered
Your Score History
You have not taken this quiz